| 000 | 00369 a2200109 4500 | ||
|---|---|---|---|
| 001 | ART_5551 | ||
| 005 | 20260410161827.0 | ||
| 008 | 260409a | ||
| 245 | 1 | 0 | _aImpuesto inflacionario y financiamiento de objetivos de política económica |
| 100 | 1 | _aPendás, Eugenio A. | |
| 773 | 0 |
_tEstudios Económicos _g- Vol. 2, Nº 3/4 (ene./dic. 1983) _wREV5080 |
|
| 999 |
_c22907 _d22907 |
||